Statistics for Countries Closest to USSR - One Minute Sprint

Click here to take the quiz!

General Stats

  • This quiz has been taken 72 times
  • The average score is 14 of 20

Answer Stats

kmcountrymiles% Correct
0China0
97%
0Poland0
90%
0Mongolia0
89%
0Finland0
84%
0Turkey0
77%
0Norway0
76%
0North Korea0
74%
0Afghanistan0
73%
43Japan27
73%
208Sweden129
71%
0Iran0
65%
0Romania0
65%
147Bulgaria91
61%
0Hungary0
60%
277India172
60%
0Czechoslovakia0
53%
211Iraq131
53%
17Pakistan10
53%
4United States2
53%
284Yugoslavia176
39%

Score Distribution

Percentile by Number Answered

Percent of People with Each Score

Your Score History

You have not taken this quiz